Central Library OPAC University of Rajshahi

A Text Book of Fish, Fisheries & Technology / (Record no. 54984)

MARC details
000 -LEADER
fixed length control field 00712nam a2200253 a 4500
001 - CONTROL NUMBER
control field 54984
003 - CONTROL NUMBER IDENTIFIER
rucl marc code BD-RjUL
005 - DATE AND TIME OF LATEST TRANSACTION
control field 20211209080210.0
008 - FIXED-LENGTH DATA ELEMENTS--GENERAL INFORMATION
fixed length control field 161113s1996 ii ||||| |||| 00| 0 eng d
020 ## - INTERNATIONAL STANDARD BOOK NUMBER
International Standard Book Number 8185375399
International Standard Book Number 8185375402
035 ## - SYSTEM CONTROL NUMBER
System control number (BD-RjUL)55106
040 ## - CATALOGING SOURCE
Original cataloging agency BD-RjUL
Language of cataloging eng
Transcribing agency BD-RjUL
Modifying agency BD-RjUL
041 ## - LANGUAGE CODE
Language code of text/sound track or separate title eng
082 ## - DEWEY DECIMAL CLASSIFICATION NUMBER
Classification number 639.2
Author mark and year BIT 1996
Edition number 23
100 1# - MAIN ENTRY--PERSONAL NAME
Personal name Biswas ,Kamakhya Pada.
9 (RLIN) 46589
245 10 - TITLE STATEMENT
Title A Text Book of Fish, Fisheries & Technology /
Statement of responsibility, etc. K. P. Biswas
250 ## - EDITION STATEMENT
Edition statement 2nd ed.
260 ## - PUBLICATION, DISTRIBUTION, ETC. (IMPRINT)
Place of publication, distribution, etc. Delhi :
Name of publisher, distributor, etc. Narendra Pub. House BIS ,
Date of publication, distribution, etc. 1996.
300 ## - PHYSICAL DESCRIPTION
Pagination xi, 578 p. :
Illustrations ill. ;
Size 22 cm.
650 ## - SUBJECT ADDED ENTRY--TOPICAL TERM
Topical term or geographic name as entry element Fisheries
9 (RLIN) 164194
651 ## - SUBJECT ADDED ENTRY--GEOGRAPHIC NAME
Source of heading or term Fisheries & Technology.
942 ## - ADDED ENTRY ELEMENTS (KOHA)
Source of classification or shelving scheme Dewey Decimal Classification
Koha item type Books
Holdings
Lost status Source of classification or shelving scheme Damaged status Not for loan Collection code Permanent Location Current Location Shelving location Date acquired Source of acquisition Cost, normal purchase price Total Checkouts Full call number Date last seen Date checked out Copy number Koha item type
  Dewey Decimal Classification     Non-fiction Central Library, University of Rajshahi Central Library, University of Rajshahi   09/10/2005 Dhaka,Paragon Enterprise Lit., 175.00 1 639.2 BIT 1996 13/08/2025 12/08/2025 C-2 Books
  Dewey Decimal Classification   Not For Loan Non-fiction Central Library, University of Rajshahi Central Library, University of Rajshahi Reading Room 09/10/2005 Pragon Ent. 175.00   639.2 BIT 1996 10/04/2017   C-1 Books
  Dewey Decimal Classification     Non-fiction Central Library, University of Rajshahi Central Library, University of Rajshahi   22/12/2005 Dhaka, Paragan Enterprises ltd. 175.00   639.2 BIT 1996 03/06/2017   C-3 Books
  Dewey Decimal Classification     Non-fiction Central Library, University of Rajshahi Central Library, University of Rajshahi   22/12/2005 Dhaka, Paragan Enterprises ltd. 175.00   639.2 BIT 1996 03/06/2017   C-4 Books
  Dewey Decimal Classification     Non-fiction Central Library, University of Rajshahi Central Library, University of Rajshahi   22/12/2005 Dhaka, Paragan Enterprises ltd. 175.00   639.2 BIT 1996 03/06/2017   C-5 Books
  Dewey Decimal Classification     Non-fiction Central Library, University of Rajshahi Central Library, University of Rajshahi   22/12/2005 Dhaka, Paragan Enterprises ltd. 175.00   639.2 BIT 1996 03/06/2017   C-6 Books
  Dewey Decimal Classification     Non-fiction Central Library, University of Rajshahi Central Library, University of Rajshahi   22/12/2005 Dhaka, Paragan Enterprises ltd. 175.00   639.2 BIT 1996 03/06/2017   C-7 Books
  Dewey Decimal Classification     Non-fiction Central Library, University of Rajshahi Central Library, University of Rajshahi   22/12/2005 Dhaka, Paragan Enterprises ltd. 175.00   639.2 BIT 1996 03/06/2017   C-8 Books
  Dewey Decimal Classification     Non-fiction Central Library, University of Rajshahi Central Library, University of Rajshahi   22/12/2005 Dhaka, Paragan Enterprises ltd. 175.00   639.2 BIT 1996 03/06/2017   C-9 Books
  Dewey Decimal Classification     Non-fiction Central Library, University of Rajshahi Central Library, University of Rajshahi   22/12/2005 Dhaka, Paragan Enterprises ltd. 175.00   639.2 BIT 1996 03/06/2017   C-10 Books
  Dewey Decimal Classification     Non-fiction Central Library, University of Rajshahi Central Library, University of Rajshahi   22/12/2005 Paragon Interprise , Dhaka 175.00   639.2 BIT 1996 01/10/2019   C-11 Books
  Dewey Decimal Classification     Non-fiction Central Library, University of Rajshahi Central Library, University of Rajshahi   22/12/2005 Paragon Interprise , Dhaka 175.00   639.2 BIT 1996 01/10/2019   C-12 Books